[Event "USA-ch13 prel 03 corr"]
[Site "USA"]
[Date "1996.06.24"]
[Round "?"]
[White "Johnson, Gardner R"]
[Black "Payne, Jeffrey L"]
[Result "1-0"]
[WhiteElo "2042"]
[BlackElo "2164"]
[PlyCount "73"]
[EventDate "1996.??.??"]
[EventType "tourn (corr)"]
[EventRounds "9"]
[EventCountry "USA"]
[SourceTitle "Corr 2006"]
[Source "ChessBase"]
[SourceDate "2006.04.01"]
[SourceVersion "3"]
[SourceVersionDate "2006.04.01"]
[SourceQuality "1"]

1. e4 c5 2. d4 cxd4 3. c3 Nf6 4. e5 Nd5 5. cxd4 Nc6 6. Nf3 d6 7. Bc4 Nb6 8. Bb5 e6 9. Nc3 d5 10. 0-0 Be7 11. Bd3 f5 12. exf6 Bxf6 13. Re1 a6 14. Ne5 Bxe5 15. dxe5 Qe7 16. Qh5+ Qf7 17. Qh4 Bd7 18. f4 Qe7 19. Bg6+ Kd8 20. Qf2 Kc7 21. Bd3 Rae8 22. Be3 Nc8 23. Bc5 Qf7 24. Rac1 b6 25. Be3 Kb7 26. Ne2 Nb4 27. Bb1 Bb5 28. Nd4 Bd3 29. Qd2 Bxb1 30. Qxb4 Be4 31. Rc6 a5 32. Qd2 Qd7 33. Rec1 Re7 34. Qc3 Bf5 35. a4 Qd8 36. b4 axb4 37. Qxb4 1-0

[Event "USA-ch13 prel 03 corr"]
[Site "USA"]
[Date "1996.06.24"]
[Round "?"]
[White "Payne, Jeffrey L"]
[Black "Boucher, William"]
[Result "0-1"]
[WhiteElo "2164"]
[BlackElo "2060"]
[PlyCount "64"]
[EventDate "1996.??.??"]
[EventType "tourn (corr)"]
[EventRounds "9"]
[EventCountry "USA"]
[SourceTitle "Corr 2006"]
[Source "ChessBase"]
[SourceDate "2006.04.01"]
[SourceVersion "3"]
[SourceVersionDate "2006.04.01"]
[SourceQuality "1"]

1. e4 e6 2. d4 d5 3. Nd2 Nc6 4. Ngf3 Nf6 5. e5 Nd7 6. Nb3 a5 7. a4 Be7 8. h4 h6 9. Bb5 Na7 10. Bxd7+ Qxd7 11. Nxa5 b6 12. Nb3 Ba6 13. Bf4 Nc8 14. Nfd2 c5 15. Qg4 g6 16. dxc5 bxc5 17. h5 g5 18. Bg3 Rb8 19. Ra2 Rb4 20. f4 Rxa4 21. Rxa4 Qxa4 22. Kd1 Nb6 23. Rh3 c4 24. Nc1 Qa1 25. Bf2 Na4 26. Bd4 Nxb2+ 27. Bxb2 Qxb2 28. Rf3 Ba3 29. Rxa3 Qxa3 30. fxg5 Qe3 31. Nf3 hxg5 32. Ne2 Kd7 0-1

[Event "USA-ch13 prel 03 corr"]
[Site "USA"]
[Date "1996.06.24"]
[Round "?"]
[White "Stueber, Guido J"]
[Black "Payne, Jeffrey L"]
[Result "1/2-1/2"]
[WhiteElo "2075"]
[BlackElo "2164"]
[PlyCount "99"]
[EventDate "1996.??.??"]
[EventType "tourn (corr)"]
[EventRounds "9"]
[EventCountry "USA"]
[SourceTitle "Corr 2006"]
[Source "ChessBase"]
[SourceDate "2006.04.01"]
[SourceVersion "3"]
[SourceVersionDate "2006.04.01"]
[SourceQuality "1"]

1. e4 c5 2. c3 d5 3. exd5 Qxd5 4. d4 Nf6 5. Nf3 Bg4 6. Be2 e6 7. h3 Bh5 8. c4 Qd8 9. Nc3 cxd4 10. Nxd4 Bxe2 11. Qa4+ Qd7 12. Kxe2 Be7 13. Bg5 0-0 14. Rhd1 Qxa4 15. Nxa4 Rd8 16. Nc3 Nbd7 17. Kf1 Rac8 18. b3 h6 19. Bh4 a6 20. Rac1 Ne5 21. Bg3 Ng6 22. a4 Ba3 23. Rb1 Bb4 24. Nde2 Kh7 25. f3 e5 26. Bf2 Re8 27. Nd5 Nxd5 28. Rxd5 e4 29. fxe4 Rxe4 30. Rd7 Re7 31. Rbd1 Rce8 32. Rxe7 Rxe7 33. Bb6 Re6 34. Bd4 Rd6 35. Kf2 Ne5 36. Ke3 Nc6 37. Rd3 Nxd4 38. Nxd4 Bc5 39. Ke4 g6 40. Rd2 a5 41. Nf3 Re6+ 42. Kd3 Kg7 43. Re2 Rxe2 44. Kxe2 Kf6 45. Kd3 Ke6 46. Ke2 f5 47. Kd3 g5 48. Ke2 Kf6 49. Kd3 h5 50. Ke2 1/2-1/2